[Event "Warsaw AIG Life rapid qf4"]
[Site "Warsaw"]
[Date "2002.12.22"]
[Round "2"]
[White "Kortschnoj, Viktor Lvovich"]
[Black "Tiviakov, Sergei"]
[Result "1-0"]
[WhiteElo "2634"]
[BlackElo "2631"]
[PlyCount "117"]
[EventDate "2002.12.22"]
[EventType "tourn (rapid)"]
[EventRounds "6"]
[EventCountry "POL"]
[EventCategory "14"]
[SourceTitle "CBM 092 Extra"]
[Source "ChessBase"]
[SourceDate "2003.03.07"]
[SourceVersion "1"]
[SourceVersionDate "2003.03.07"]
[SourceQuality "1"]

1. d4 Nf6 2. c4 e6 3. Nc3 Bb4 4. Qc2 O-O 5. a3 Bxc3+ 6. Qxc3 b6 7. Nf3 Bb7 8.
g3 c5 9. dxc5 bxc5 10. Bg2 Nc6 11. O-O d6 12. Rd1 Qe7 13. Bg5 Rfd8 14. b4 h6
15. Bxf6 Qxf6 16. Qxf6 gxf6 17. Nd2 Rab8 18. Ne4 cxb4 19. Nxf6+ Kg7 20. Nh5+
Kf8 21. axb4 Nxb4 22. Rxa7 Bxg2 23. Kxg2 Rbc8 24. Nf6 Rxc4 25. Nd7+ Kg7 26.
Rxd6 Nd5 27. Ne5 Rxd6 28. Nxc4 Rc6 29. Rxf7+ Kg8 30. Ne5 Rc2 31. Kf3 Nc3 32.
Rc7 Nxe2 33. Rxc2 Nd4+ 34. Ke4 Nxc2 35. Ng4 Kg7 36. Ke5 Ne1 37. Kxe6 Nf3 38. h4
Nd4+ 39. Ke5 Nf3+ 40. Kd5 Nd2 41. Ne5 Kf6 42. g4 Nf1 43. Ke4 Nd2+ 44. Kf4 Nb3
45. g5+ hxg5+ 46. hxg5+ Ke6 47. Nf3 Nc5 48. Nd4+ Kd5 49. Ke3 Ne4 50. f4 Ng3 51.
Kf3 Ne4 52. Nf5 Nd2+ 53. Kg4 Ke6 54. Nh6 Ne4 55. f5+ Ke5 56. Nf7+ Kd5 57. Kh5
Ng3+ 58. Kg6 Ke4 59. Nh6 1-0

[Event "Valle d'Aosta op 11th"]
[Site "Saint Vincent"]
[Date "2003.02.13"]
[Round "6"]
[White "Vassallo Barroche, Mauricio"]
[Black "Kortschnoj, Viktor Lvovich"]
[Result "0-1"]
[WhiteElo "2443"]
[BlackElo "2642"]
[PlyCount "98"]
[EventDate "2003.02.08"]
[EventType "swiss"]
[EventRounds "9"]
[EventCountry "ITA"]
[SourceTitle "CBM 092 Extra"]
[Source "ChessBase"]
[SourceDate "2003.03.07"]
[SourceVersion "1"]
[SourceVersionDate "2003.03.07"]
[SourceQuality "1"]

1. Nf3 c5 2. e4 e6 3. d4 cxd4 4. Nxd4 Nc6 5. Nc3 d6 6. g3 Nf6 7. Bg2 Bd7 8. O-O
Be7 9. Be3 O-O 10. Nxc6 bxc6 11. b3 Rc8 12. h3 Qa5 13. Qe1 Kh8 14. Rd1 Rfd8 15.
Na4 Qxe1 16. Rfxe1 c5 17. Nb2 Bc6 18. Bf4 h6 19. c4 g5 20. Bd2 Nd7 21. Bc3+ Kh7
22. Nd3 Ba8 23. Nc1 Nb8 24. Re2 Nc6 25. Red2 e5 26. Ne2 Nd4 27. g4 Rd7 28. Ng3
Bd8 29. Rd3 a5 30. Nf5 Rb8 31. Kh2 Bc6 32. Rb1 Kg6 33. Kg3 h5 34. gxh5+ Kxh5
35. Bf3+ Kg6 36. Rh1 a4 37. bxa4 Ra8 38. a5 Bxa5 39. Bxa5 Rxa5 40. h4 Nxf3 41.
Kxf3 g4+ 42. Ke3 Rxa2 43. Rb1 Rxf2 44. Rxd6+ Rxd6 45. Nxd6 Rf3+ 46. Ke2 Rf6 47.
Rd1 Kh5 48. Nf5 Rxf5 49. exf5 Bf3+ 0-1

[Event "Reykjavik Hrokurinn"]
[Site "Reykjavik"]
[Date "2003.02.19"]
[Round "2"]
[White "Kortschnoj, Viktor Lvovich"]
[Black "Gretarsson, Helgi Ass"]
[Result "1-0"]
[WhiteElo "2642"]
[BlackElo "2516"]
[Annotator "Huebner,R"]
[PlyCount "45"]
[EventDate "2003.02.18"]
[EventType "tourn"]
[EventRounds "9"]
[EventCountry "ISL"]
[EventCategory "15"]
[SourceTitle "CBM 094"]
[Source "ChessBase"]
[SourceDate "2003.05.26"]
[SourceVersion "1"]
[SourceVersionDate "2003.05.26"]
[SourceQuality "1"]

1. d4 {Kortschnoj} d5 2. c4 c6 3. Nf3 Nf6 4. e3 Bf5 5. Nc3 e6 6. Nh4 Be4 {
Kortschnoj: 'Modern practice claims 6...Bg6 to be the best. The move f2-f3 can
be used by white in order to create a strong pawn centre.'} 7. f3 Bg6 8. Qb3
Qc7 9. Bd2 Nbd7 10. cxd5 exd5 {Kortschnoj: 'With his knight on b8, black could
take back with the c-pawn. Here, however, 10..cd5 11.Nb5 would look pretty
unpleasant. '} 11. O-O-O b5 {Kortschnoj: 'Quite logical - black has to
undertake activity against the white king.' Dies ist ein Computerzug, der
bisher noch nicht gespielt wurde. Versucht wurde unter anderem:} (11... O-O-O
12. e4 dxe4 13. Nxg6 hxg6 14. fxe4 (14. Qxf7 $6 exf3 15. gxf3 Nb6 16. Qxg6 Rxd4
17. Bd3 Kb8 18. Kb1 Nbd5 19. Nxd5 Rxd5 20. h4 $11 {1/2-1/2 Gurevich,M-Dorfman,
J/Cap d'Agde 2000/CBM 80 (43). (42)}) 14... Nb6 15. Bg5 Re8 ({Die Fortsetzung} 
15... Rh5 16. h4 Rxg5 17. hxg5 Qf4+ 18. Kb1 Nxe4 19. Nxe4 Qxe4+ 20. Bd3 {
genügt nicht zum Ausgleich für Schwarz.}) 16. Bd3 Ng4 17. Rhf1 f6 18. h3 Ne5 (
18... Nf2 19. Rxf2 Qg3 20. Rc2 Qxg5+ 21. Kb1 Kb8 22. d5 c5 23. a4 Rc8 (23...
Qe5 24. a5 Nc8 (24... Nd7 25. Bb5 Rd8 (25... Qc7 26. d6 Qc8 27. Na4 {Weiß hat
eine Gewinnstellung.}) (25... Qd6 26. Bc6 Qc7 27. Nb5 Qc8 28. a6 b6 29. Qg3+
Re5 30. Qg4 Re7 31. d6 Rf7 32. Bd5 {und Weiß gewinnt.}) 26. Bc6 Qc7 27. Nb5
Qxa5 28. Nd6 {, und Weiß gewinnt.}) 25. Na4 Qc7 26. Qb5 Nd6 27. Qxc5 Qd8 28. a6
Nxe4 29. Qb5 Nd6 30. Qb3 {Weiß hat entscheidenden Angriff.}) (23... Nc8 24. a5
Nd6 (24... Bd6 25. Na4 {, und Weiß gerwinnt den c-Bauern.}) 25. Na4 c4 26. Bxc4
Rxe4 27. Nc5 Re3 28. Bd3 Be7 29. Nxb7 {, und Weiß gewinnt.}) 24. Nb5 Qg3 25. a5
Nd7 26. a6 b6 27. d6 Rh5 28. Qf7 Rd8 29. Bc4 Re5 30. Be6 Rxe6 31. Qxe6 Qe5 32.
Qg4 Qh5 33. Qxh5 gxh5 34. g4 hxg4 35. hxg4 Ne5 36. g5 fxg5 37. Rd5 Nc6 38. Rxg5
Bxd6 39. Rg6 Nb4 40. Rxd6 Rxd6 41. Nxd6 Nxc2 42. Kxc2 g5 43. e5 Kc7 44. Nb5+
Kd7 45. Nxa7 g4 46. Nb5 g3 47. Nc3 {1-0 Tregubov,P-Volkov,S/Moscow 2002/CBM 88/
[Huebner,R] (47).}) 19. dxe5 fxg5 20. e6 Qe5 21. Be2 Bc5 22. Rf7 Re7 23. a4
Rhe8 24. a5 Be3+ 25. Kb1 Qxa5 26. Nd5 cxd5 27. Qxe3 dxe4 28. Qc1+ {1-0
Tregubov,P-Peng,Z/Wijk aan Zee 2002/CBM 87 (28).}) (11... Qb6 $5 {gefällt mir
besser:} 12. Qxb6 axb6 13. e4 dxe4 14. Nxg6 hxg6 15. fxe4 Bb4 $11 {1/2-1/2
Khurtsidze,N-Zhu Chen/Moscow 2001/CBM 85 ext (72). (72)}) (11... Be7 12. Nxg6
hxg6 13. Kb1 O-O-O 14. e4 Nb6 15. e5 Nfd7 16. Rc1 a6 17. f4 Kb8 18. a4 Nf8 19.
a5 Nc4 20. Bxc4 dxc4 21. Qxc4 Ne6 22. Ne2 Rd7 23. Bc3 Rd5 24. g4 Qd7 25. h3 Rh4
26. Rcf1 f5 27. gxf5 gxf5 28. Qb3 Bd8 29. Qa2 g5 30. fxg5 Bxg5 31. Rxf5 c5 32.
Rf7 Qc6 33. Rd1 cxd4 34. Bb4 d3 35. Nc3 Rxe5 36. Qb3 Rb5 37. Nxb5 Qxb5 38. Bd6+
Ka7 39. Qxb5 axb5 40. Rxd3 {1-0 Gaprindashvili,V-Cruz Lopez Claret,C/Mondariz
Balneario 1999/EXT 2000 (40).}) 12. Nxg6 hxg6 13. e4 {Kortschnoj: 'As you see,
7.f3 turned out to be useful. '} Nb6 {Kortschnoj: 'Black could, of course, win
a pawn:'} ({Bei der Fortsetzung} 13... b4 14. Na4 dxe4 (14... Rxh2 {Kortschnoj}
15. Rxh2 Qxh2 {after} 16. e5 {totally giving up the initiative into white's
hands.}) 15. fxe4 c5 16. Bc4 cxd4 17. Kb1 Ne5 18. Bb5+ Ned7 19. e5 {fühlt sich
Schwarz nicht wohl.}) 14. Kb1 a6 {Kortschnoj: 'Black fortifies his pawn
formation on the queen side. He does not like to play d5xe4, but had to
protect himself against a threat e4xd5.'} ({Nach} 14... b4 15. Na4 Rxh2 (15...
dxe4 16. fxe4 Nxe4 17. Re1 f5 18. Bd3 {sieht ebenfalls sehr luftig aus.}) 16.
Rxh2 Qxh2 17. Bxb4 {flößt die unkoordinierte Stellung des Schwarzen kein
Vertrauen ein.}) (14... Rxh2 15. Rxh2 Qxh2 16. exd5 Nfxd5 17. Nxd5 Nxd5 18.
Bxb5 {ist hoffnungslos für Schwarz.}) 15. g3 Be7 16. Bf4 Qb7 17. Bd3 {
Kortschnoj: 'White completes development of his pieces and threatens
eventually to play e4-e5-e6.'} O-O-O $2 {Kortschnoj: 'Highly optimistic, but
wrong. Black had to hide his king on the king side! Then it would be not easy
to evaluate chances of the opponents. But the long castle meets an almost
forced refutation.' Selbstmörderisch. Nach} (17... Nc4 18. Bxc4 (18. e5 Nh5 {
und der Läufer f4 hat kein Rückzugsfeld.}) 18... dxc4 19. Qc2 Rd8 20. Ne2 {
steht Weiß etwas besser, doch ist der Kampf noch lange nicht zu Ende.}) 18. Rc1
Nc4 $2 {Viel zäher ist} (18... dxe4 19. Nxe4 Rxd4 20. Qc3 Rhd8 21. Qxc6+ (21.
Bf1 Ne8 22. Nc5 Bxc5 23. Qxc5 {ist ebenfalls aussichtsreich für Weiß.}) 21...
Qxc6 22. Rxc6+ Kd7 23. Bxb5 axb5 24. Rxb6 Nxe4 25. fxe4 b4 {mit
Überlebensaussichten im Endspiel.}) 19. exd5 cxd5 {Kortschnoj: 'At this
situation'} (19... Nxd5 {Kortschnoj: 'however would be unsatisfactory, after'}
20. Bxc4 bxc4 21. Qxc4 Nxf4 22. gxf4 Bf6 {Kortschnoj: 'would be the lesser
evil.'} 23. Nd5 Rd6 24. Nxf6 gxf6 25. d5 Qb5 26. Qxb5 axb5 27. dxc6 Kc7 28. Rc5
{führt zu einem hoffnungslosen Endspiel. Nach dem Textzug geht es schneller.})
20. Nxd5 {'!' Kortschnoj.} Qxd5 {Kortschnoj: 'If the knight or the rook takes
on d5, then 21.Bxc4 wins right away.'} 21. Rxc4+ {'!' Kortschnoj.} bxc4 22.
Bxc4 Qb7 ({Kortschnoj: White considered} 22... Qf5+ {Kortschnoj: 'as the best
defence. Then, it is true there are many ways to finish the game. In one
German magazine I have seen the following solution:' bietet keine Rettung.} 23.
Bd3 ({Kortschnoj: I, frankly, have not seen that line. Instead I was going to
continue} 23. Ka1 Rxd4 (23... Rd6 {Kortschnoj} 24. Rc1 Kd8 25. Be6 $1) (23...
Bd6 {Kortschnoj} 24. Rc1 Kd7 25. Qb7+ Ke8 26. Qxf7#) (23... Rd6 24. Rc1 Kd8 25.
Be6 $1) 24. Qb8+ Kd7 25. Qa7+ {ist ebenso gut.}) 23... Qa5 24. Rc1+ Kd7 25. Bd2
{'!' Kortschnoj.} Qxd2 (25... Rb8 26. Qxb8) 26. Bb5+ {'!' Kortschnoj.} axb5 27.
Qxb5+ Ke6 28. Qe5+ Kd7 29. Rc7+ Ke8 {Kortschnoj} 30. Qxe7#) (22... Qa5 23. Rc1
Kd7 24. Bxf7 {ist ebenfalls ganz hoffnungslos.}) 23. Be6+ 1-0

[Event "Reykjavik Hrokurinn"]
[Site "Reykjavik"]
[Date "2003.02.26"]
[Round "8"]
[White "Stefansson, Hannes"]
[Black "Kortschnoj, Viktor Lvovich"]
[Result "0-1"]
[WhiteElo "2569"]
[BlackElo "2642"]
[Annotator "Kortschnoj,V"]
[PlyCount "88"]
[EventDate "2003.02.18"]
[EventType "tourn"]
[EventRounds "9"]
[EventCountry "ISL"]
[EventCategory "15"]
[SourceTitle "CBM 094"]
[Source "ChessBase"]
[SourceDate "2003.05.26"]
[SourceVersion "1"]
[SourceVersionDate "2003.05.26"]
[SourceQuality "1"]

1. d4 Nf6 2. c4 e6 3. Nc3 Bb4 4. Qc2 O-O 5. a3 Bxc3+ 6. Qxc3 d6 7. Bg5 Nbd7 8.
e3 e5 {Many games have been played this way. The theory considers the position
to be equal. Still, I believe 8...c5 or 8...b6 are more solid.} 9. dxe5 dxe5
10. Bd3 a5 {Already at this moment I disliked the black position. In order not
to get totally outplayed I have conceived now a pawn sacrifice. The move a7-a5
at this stage is a novelty, as well as the following manoeuvre, carried out by
black.  Golod,V: 'Standard reception for positions of a similar type.'} ({
Were checked in the preceding game:} 10... Qe7 11. Ne2 h6 12. Bh4 Re8 13. Bc2
a5 14. O-O Nc5 15. b4 $14 {Peter,A-Horvath,S/HUN 1994,(1-0)(56)}) 11. b3 Nc5
12. Bc2 Qd6 (12... Qe7 13. Nf3 Re8 14. Nd2 {+/=/=}) 13. f3 Re8 14. Ne2 Qc6 15.
O-O a4 16. b4 Nb3 17. Bxb3 axb3 18. Bxf6 gxf6 19. b5 Qc5 20. Qxb3 Be6 21. Rfc1
Red8 {I have not considered this sacrifice to be sufficient to equalize
chances. My aim was to divert white from developing his strategic initiative.
That's why, being satisfied now to occupy the central file, I miss the
strongest move} (21... c6 $1 {after which white would have had difficulties to
maintain his material gain.}) 22. Ng3 {I was more afraid of} (22. a4 {with
threats a4-a5 or Qa3. The only reasonable answer would be} c6 $1 {and if} 23.
Qa3 {then} Qxa3 24. Rxa3 Ra5) 22... f5 23. Kh1 (23. a4 $5) 23... Rd6 {Now and
then c7-c6 is worth of consideration. Golod,V: 'In exchange behind the pawn,
black has the following trumps: 1) the best accommodation of pieces; 2)
weaknesses in the camp of white. '} 24. h3 Rad8 25. Rc3 R6d7 {Golod,V:
'Black's plan is: Kh8, f6, Rg7 and so on.'} 26. Rf1 {'?!' Golod,V. Again Golod,
V: 'Loss of a tempo.'} (26. a4 {was strong. The only what black could answer
was} b6 27. Qa3 Rd1+ 28. Kh2 Rxa1 29. Qxa1 Rd2 {still with chances to save the
game.}) (26. Rac1 $142) 26... Rd2 27. Rfc1 Qe7 28. Nf1 R2d7 29. Qc2 Qh4 30. Qe2
Kh8 31. R3c2 Rd6 32. Rc3 R6d7 {A taciturn offer of a draw. Perhaps white still
has somewhat better chances, but in anticipation of a serious time trouble, he
had to accept the offer.} 33. c5 $6 {For long time he avoided any pawn move on
the queen side. But now this pawn move looks senseless.} c6 34. bxc6 bxc6 35.
R3c2 Qa4 {35...f6 with the idea to move rooks to the g-file was stronger.} 36.
Qf2 f6 37. Rc3 Rg7 38. e4 {The point of the move - to cut the black queen off
the king side.} fxe4 39. f4 $4 {Something happened. All of a sudden white
declines from a well planned} (39. Qh4 $1 {Then, after} Rg6 40. fxe4 {he would
have had a clear advantage.}) 39... Qd4 $1 {Now black seizes the initiative.}
40. Ne3 Rdg8 41. f5 (41. Qh4 {would hold the position. White overlooks a
strong blow.}) 41... Rxg2 $1 42. Qh4 {The position after} (42. Qxg2 Rxg2 43.
Kxg2 ({or} 43. fxe6 Rg8 44. Rb3 Qd8 45. Nf5 Qd2) 43... Bb3 {is bad for white.
He tries to create counter-threats to the black king, but fails.}) 42... Qd2
43. Qxf6+ R8g7 44. Qxe5 (44. Ng4 {fails to} Rh2+) 44... R2g3 0-1

[Event "Reykjavik Hrokurinn"]
[Site "Reykjavik"]
[Date "2003.02.27"]
[Round "9"]
[White "Kortschnoj, Viktor Lvovich"]
[Black "Bacrot, Etienne"]
[Result "1-0"]
[WhiteElo "2642"]
[BlackElo "2671"]
[Annotator "Huzman,A"]
[PlyCount "87"]
[EventDate "2003.02.18"]
[EventType "tourn"]
[EventRounds "9"]
[EventCountry "ISL"]
[EventCategory "15"]
[SourceTitle "CBM 094"]
[Source "ChessBase"]
[SourceDate "2003.05.26"]
[SourceVersion "1"]
[SourceVersionDate "2003.05.26"]
[SourceQuality "1"]

1. c4 Nf6 2. Nf3 c6 3. d4 d5 4. Qc2 dxc4 5. Qxc4 Bf5 6. g3 e6 7. Bg2 Nbd7 8.
Nc3 Be7 9. Qb3 Qb6 10. Nd2 Bg6 (10... O-O 11. Nc4 Qxb3 12. axb3 Bb4 13. Bf4 a5
{1/2-1/2 Goldin,A-Dreev,A/Novosibirsk 1989/EXT 97 (13)}) 11. Nc4 Qxb3 (11...
Qa6 $5 12. O-O O-O $11) 12. axb3 Nd5 13. O-O f5 $6 (13... O-O $142) 14. Na5
O-O-O 15. Bxd5 $1 exd5 (15... cxd5 16. Bf4 $18 {[%csl Rc8]}) 16. Bf4 {/\17.Nd5}
Nb8 (16... Bf7 17. Nxc6 $1 bxc6 18. Rxa7 Rde8 19. Rfa1 $18) (16... Nb6 17. Rfc1
(17. Nb5 $2 cxb5 18. Rfc1+ Kd7 19. Nxb7 Ra8 20. Rc7+ Ke6 $17) 17... a6 (17...
Bd6 18. Bxd6 Rxd6 19. Nb5 Re6 20. Nxa7+ Kb8 21. N5xc6+ bxc6 22. Nxc6+ $16) 18.
b4 $36 Bxb4 $140 19. Nxc6 bxc6 20. Na2 Bf8 21. Rxc6+ Kb7 22. Rc7+ Kb8 23. Nc3
$1 Bd6 24. Rc6 Nc4 25. b3 Kb7 26. Rcxa6 Nb6 27. Bxd6 Rxd6 28. Ra7+ Kb8 29. Rxg7
$44) 17. Rfc1 Bd6 18. Nxd5 Bxf4 19. Nxf4 Rxd4 20. Nc4 $1 Bf7 (20... a6 $140 $4
21. Ne6 $18) (20... Na6 21. e3 Rdd8 22. Nxg6 hxg6 23. Ne5 Rd2 24. Nxc6 Kd7 25.
Nxa7 Rxb2 26. Rc3 $18) 21. Rxa7 $16 Bxc4 (21... Re8 22. e3 Rdd8 23. h4 $16) 22.
Rxc4 (22. bxc4 $5 $16) 22... Rd1+ 23. Kg2 Re8 24. Rc2 (24. h4 $5) 24... Kc7 25.
Ra5 g6 26. Nd5+ $1 Kc8 27. Ne3 Rd4 28. Ra4 Red8 29. Rxd4 Rxd4 30. Nc4 Rd1 $2 (
30... Na6 31. Rd2 Rxd2 32. Nxd2 Nb4 33. Kf3 Kd7 34. Kf4 $16) 31. Rd2 Rb1 32. b4
b5 (32... Na6 33. b5 cxb5 34. Nd6+ Kc7 35. Nxb5+ Kc6 36. Nc3 $18) 33. Ne5 $18
Kc7 34. h4 Kb6 (34... Na6 35. Rd7+ Kb6 36. Nd3 $18) 35. Kf3 Na6 36. Nd7+ Kc7
37. Nf8 Nxb4 38. Nxh7 Nd5 39. Nf8 Nb6 40. Nxg6 Nc4 41. Rc2 Nxb2 42. Ne5 b4 43.
Rxc6+ Kb7 44. h5 1-0

[Event "RUS-chT 10th Group2"]
[Site "Togliatti"]
[Date "2003.05.20"]
[Round "5"]
[White "Lunev, Andrei"]
[Black "Kortschnoj, Viktor Lvovich"]
[Result "0-1"]
[WhiteElo "2509"]
[BlackElo "2632"]
[PlyCount "68"]
[EventDate "2003.05.16"]
[EventType "team-tourn"]
[EventRounds "6"]
[EventCountry "RUS"]
[SourceTitle "EXT 2020"]
[Source "ChessBase"]
[SourceDate "2019.10.17"]
[SourceVersion "1"]
[SourceVersionDate "2019.10.17"]
[SourceQuality "1"]
[WhiteTeam "Orel OShK"]
[BlackTeam "Sankt Petersburg Lentransgaz"]
[WhiteTeamCountry "RUS"]
[BlackTeamCountry "RUS"]

1. Nf3 Nf6 2. c4 e6 3. g3 d5 4. Bg2 dxc4 5. Qa4+ Bd7 6. Qxc4 Bc6 7. Nc3 a6 8.
O-O b5 9. Qb3 Nbd7 10. d3 Be7 11. Bd2 O-O 12. Rfc1 Bb7 13. Nd1 c5 14. a4 c4 15.
dxc4 Nc5 16. Qe3 bxa4 17. Ne5 Bxg2 18. Kxg2 Nb3 19. Nc6 Qd7 20. Nxe7+ Qxe7 21.
Rxa4 Qb7+ 22. f3 Nxc1 23. Bxc1 Rfc8 24. Qa3 Nd7 25. Be3 h6 26. Nf2 Rab8 27. Nd3
Qb3 28. c5 Qc2 29. Kf1 Rb3 30. Qa1 Rxd3 31. exd3 Qxd3+ 32. Kf2 Nxc5 33. Rd4
Qc2+ 34. Rd2 Nb3 0-1

[Event "Vienna op 14th"]
[Site "Vienna"]
[Date "2003.08.18"]
[Round "3"]
[White "Kortschnoj, Viktor Lvovich"]
[Black "Hoelzl, Franz"]
[Result "1-0"]
[WhiteElo "2628"]
[BlackElo "2354"]
[PlyCount "85"]
[EventDate "2003.08.16"]
[EventType "swiss"]
[EventRounds "9"]
[EventCountry "AUT"]
[SourceTitle "CBM 095 Extra"]
[Source "ChessBase"]
[SourceDate "2003.09.04"]
[SourceVersion "1"]
[SourceVersionDate "2003.09.04"]
[SourceQuality "1"]

1. d4 Nf6 2. c4 e6 3. Nc3 d5 4. Bg5 Be7 5. e3 O-O 6. Nf3 Nbd7 7. a3 b6 8. cxd5
exd5 9. Qa4 Bb7 10. Ba6 Bxa6 11. Qxa6 c6 12. Rc1 Qc8 13. Qd3 Qb7 14. O-O Rfe8
15. Rfd1 Ne4 16. Bf4 Bd6 17. Bxd6 Nxd6 18. Rc2 Rac8 19. Ne2 a5 20. b3 Ne4 21.
Rdc1 g6 22. Nf4 b5 23. Qf1 Nd6 24. Nd3 a4 25. bxa4 bxa4 26. Nfe5 Nxe5 27. Nxe5
c5 28. dxc5 Ne4 29. Nd3 d4 30. f3 Ng5 31. e4 Qb3 32. Rc4 Ne6 33. Qd1 Ra8 34.
Qxb3 axb3 35. a4 Reb8 36. Nb2 Kf8 37. Kf2 Ke7 38. g3 Kd7 39. f4 f5 40. exf5
gxf5 41. Re1 Rf8 42. Re5 Rf6 43. Rb4 1-0

[Event "Vienna op 14th"]
[Site "Vienna"]
[Date "2003.08.20"]
[Round "5"]
[White "Kortschnoj, Viktor Lvovich"]
[Black "Ernst, Sipke"]
[Result "1-0"]
[WhiteElo "2628"]
[BlackElo "2468"]
[PlyCount "99"]
[EventDate "2003.08.16"]
[EventType "swiss"]
[EventRounds "9"]
[EventCountry "AUT"]
[SourceTitle "CBM 095 Extra"]
[Source "ChessBase"]
[SourceDate "2003.09.04"]
[SourceVersion "1"]
[SourceVersionDate "2003.09.04"]
[SourceQuality "1"]

1. Nf3 d5 2. d4 Nf6 3. c4 c6 4. e3 a6 5. Qb3 e6 6. Nbd2 Nbd7 7. Be2 Bd6 8. O-O
O-O 9. Qc2 Re8 10. b3 e5 11. cxd5 cxd5 12. dxe5 Nxe5 13. Bb2 Bg4 14. Rad1 Qe7
15. Rfe1 Nc6 16. Nd4 Nxd4 17. Bxd4 Bxe2 18. Rxe2 Be5 19. Bxe5 Qxe5 20. Nf3 Qd6
21. Rc1 Qd7 22. Qd3 Rac8 23. Rec2 h6 24. Nd4 Ne4 25. Ne2 Nf6 26. h3 Red8 27.
Rc3 Kh8 28. Qc2 Rxc3 29. Qxc3 Kg8 30. Qc7 Kf8 31. Nd4 Qxc7 32. Rxc7 Rd7 33.
Rc8+ Ne8 34. Nf5 f6 35. g4 Kf7 36. Kf1 Nc7 37. Nd6+ Rxd6 38. Rxc7+ Kg6 39. Rxb7
d4 40. exd4 Rxd4 41. Ra7 Rd6 42. Kg2 Re6 43. Kg3 Rd6 44. f3 Rc6 45. h4 f5 46.
gxf5+ Kf6 47. Kf4 h5 48. Ke4 Rb6 49. Kd3 Rc6 50. b4 1-0

[Event "Vienna op 14th"]
[Site "Vienna"]
[Date "2003.08.23"]
[Round "8"]
[White "Arnold, Lothar"]
[Black "Kortschnoj, Viktor Lvovich"]
[Result "0-1"]
[WhiteElo "2369"]
[BlackElo "2628"]
[PlyCount "104"]
[EventDate "2003.08.16"]
[EventType "swiss"]
[EventRounds "9"]
[EventCountry "AUT"]
[SourceTitle "CBM 095 Extra"]
[Source "ChessBase"]
[SourceDate "2003.09.04"]
[SourceVersion "1"]
[SourceVersionDate "2003.09.04"]
[SourceQuality "1"]

1. e4 c5 2. Nf3 e6 3. d4 cxd4 4. Nxd4 Nf6 5. Nc3 d6 6. Be2 Nc6 7. O-O Be7 8.
Be3 O-O 9. f4 Bd7 10. Kh1 Nxd4 11. Qxd4 Bc6 12. Rad1 a6 13. Bf3 Qc7 14. Bf2 b5
15. a3 Rab8 16. Bh4 Rfd8 17. Qe3 b4 18. axb4 Rxb4 19. b3 Ba8 20. Rd3 Ng4 21.
Qe1 Bxh4 22. Qxh4 Nf6 23. Qe1 Rbb8 24. Rf2 Rbc8 25. Na4 d5 26. e5 Nd7 27. g3
Bc6 28. Qa1 Bxa4 29. bxa4 Rb8 30. Kg2 Rb4 31. Rd4 Rdb8 32. Rxb4 Rxb4 33. c3 Rb3
34. Rc2 d4 35. c4 d3 36. Rc3 Rxc3 37. Qxc3 Nc5 38. a5 Kf8 39. Qb4 Qa7 40. Qa3
Kg8 41. Qb4 g6 42. Qc3 Qd7 43. Qb4 Qd4 44. Qb8+ Kg7 45. Qd6 Qxc4 46. Qd8 Ne4
47. Kh3 Qd5 48. Qe7 h6 49. Bxe4 Qxe4 50. Qf6+ Kg8 51. Qd8+ Kh7 52. Qd7 Kg7 0-1

[Event "Rilton Cup 33rd"]
[Site "Stockholm"]
[Date "2003.12.28"]
[Round "2"]
[White "Molander, Riku"]
[Black "Kortschnoj, Viktor Lvovich"]
[Result "0-1"]
[WhiteElo "2341"]
[BlackElo "2580"]
[PlyCount "70"]
[EventDate "2003.12.27"]
[EventType "swiss"]
[EventRounds "9"]
[EventCountry "SWE"]
[SourceTitle "CBM 097 Extra"]
[Source "ChessBase"]
[SourceDate "2004.01.13"]
[SourceVersion "1"]
[SourceVersionDate "2004.01.13"]
[SourceQuality "1"]

1. e4 c5 2. c3 d6 3. d4 Nf6 4. Bd3 Nc6 5. Nf3 e5 6. dxe5 dxe5 7. Qe2 a6 8. O-O
Be7 9. Rd1 Qc7 10. Nbd2 O-O 11. Nf1 Be6 12. Bc4 Bxc4 13. Qxc4 Rad8 14. Bg5 b5
15. Qe2 Nh5 16. Ne3 Bxg5 17. Nxg5 Nf4 18. Qg4 h6 19. Nf3 Ne7 20. Nh4 h5 21. Qf3
g6 22. g3 Nh3+ 23. Kg2 Ng5 24. Qf6 Nxe4 25. Qxa6 Rb8 26. f3 Rb6 27. Qa5 Nf6 28.
c4 Nc6 29. Qe1 Nd4 30. cxb5 Rxb5 31. Rd2 Re8 32. Rc1 Qb7 33. Qf2 e4 34. f4 Ng4
35. Qe1 Nf3 0-1

[Event "Rilton Cup 33rd"]
[Site "Stockholm"]
[Date "2003.12.30"]
[Round "4"]
[White "Kiik, Kalle"]
[Black "Kortschnoj, Viktor Lvovich"]
[Result "0-1"]
[WhiteElo "2433"]
[BlackElo "2580"]
[PlyCount "100"]
[EventDate "2003.12.27"]
[EventType "swiss"]
[EventRounds "9"]
[EventCountry "SWE"]
[SourceTitle "CBM 097 Extra"]
[Source "ChessBase"]
[SourceDate "2004.01.13"]
[SourceVersion "1"]
[SourceVersionDate "2004.01.13"]
[SourceQuality "1"]

1. e4 e6 2. d4 d5 3. e5 c5 4. c3 Qb6 5. Nf3 Nc6 6. a3 Nh6 7. b4 cxd4 8. cxd4
Nf5 9. Bb2 Be7 10. Bd3 a5 11. Qa4 O-O 12. b5 Nh4 13. Nxh4 Bxh4 14. g3 Bd8 15.
O-O Bd7 16. Ra2 Na7 17. Nc3 f6 18. Ba1 f5 19. f4 Rf7 20. Raf2 Rc8 21. g4 Rxc3
22. Bxc3 Nxb5 23. Ba1 Nc3 24. Qc2 Ne4 25. Rg2 fxg4 26. Rxg4 Bc6 27. h3 Qc7 28.
Kh2 Be7 29. Bb2 Bf8 30. Bc1 Qd7 31. Rfg1 Kh8 32. Bb2 Rf5 33. Bc1 g6 34. Qg2 Qe8
35. Bb1 Bh6 36. Be3 Qf8 37. Bxe4 dxe4 38. Qg3 Qxa3 39. d5 Bxd5 40. Rc1 Bc6 41.
Rd1 a4 42. Rh4 Kg7 43. Rd6 Qb3 44. Rd8 a3 45. Rxh6 Kxh6 46. Rg8 Qc2+ 47. Qg2
Qxg2+ 48. Kxg2 a2 49. Ra8 Bd5 50. Kg3 g5 0-1